[Event "TeamRussiamenrapid"]
[Site "?"]
[Date "2016.10.05"]
[Round "4.5"]
[White "Artemiev, Vladislav"]
[Black "Dubov, Daniil"]
[Result "1/2-1/2"]
[LiveChessVersion "1.4.4"]
[BlackElo "2690"]
[WhiteElo "2701"]

1. e4 {[%clk 0:15:09]} e5 {[%clk 0:15:13]} 2. Nf3 {[%clk 0:15:15]} Nc6
{[%clk 0:15:21]} 3. Nc3 {[%clk 0:15:18]} Nf6 {[%clk 0:15:29]} 4. Bb5
{[%clk 0:15:26]} Bc5 {[%clk 0:15:30]} 5. d3 {[%clk 0:13:51]} O-O {[%clk 0:15:26]}
6. Bxc6 {[%clk 0:09:38]} dxc6 {[%clk 0:15:22]} 7. Be3 {[%clk 0:09:41]} Bd6
{[%clk 0:15:13]} 8. h3 {[%clk 0:09:45]} c5 {[%clk 0:13:54]} 9. O-O
{[%clk 0:08:15]} Be6 {[%clk 0:12:50]} 10. Bg5 {[%clk 0:06:42]} Re8
{[%clk 0:12:13]} 11. Ne2 {[%clk 0:06:48]} h6 12. Bh4 Qe7 {[%clk 0:11:03]} 13. Qd2
{[%clk 0:06:00]} Kh8 {[%clk 0:09:14]} 14. Rae1 {[%clk 0:04:42]} Rg8
{[%clk 0:06:54]} 15. Qc3 {[%clk 0:02:54]} Rae8 {[%clk 0:05:31]} 16. Nxe5
{[%clk 0:02:12]} Nxe4 {[%clk 0:05:06]} 17. Bxe7 {[%clk 0:01:16]} Nxc3
{[%clk 0:05:14]} 18. Nxc3 {[%clk 0:01:23]} Rxe7 {[%clk 0:05:02]} 19. Nc4
{[%clk 0:01:00]} Rge8 {[%clk 0:04:08]} 20. Nxd6 {[%clk 0:00:52]} cxd6
{[%clk 0:04:16]} 21. b3 {[%clk 0:00:38]} Bd7 {[%clk 0:03:24]} 22. Rxe7
{[%clk 0:00:40]} Rxe7 {[%clk 0:03:32]} 23. Rd1 {[%clk 0:00:45]} Bc6
{[%clk 0:02:27]} 24. d4 {[%clk 0:00:54]} g5 {[%clk 0:01:57]} 25. Kf1
{[%clk 0:00:42]} Kg7 {[%clk 0:02:02]} 26. f3 {[%clk 0:00:24]} f5 {[%clk 0:02:02]}
27. Kf2 {[%clk 0:00:29]} Kf7 {[%clk 0:01:28]} 28. Ne2 {[%clk 0:00:33]} f4
{[%clk 0:01:17]} 29. h4 b5 {[%clk 0:00:49]} 30. dxc5 {[%clk 0:00:12]} dxc5
{[%clk 0:00:57]} 31. Rd6 {[%clk 0:00:12]} Re6 {[%clk 0:01:04]} 32. Rd8
{[%clk 0:00:20]} Re8 {[%clk 0:01:13]} 33. Rd3 {[%clk 0:00:26]} b4
{[%clk 0:01:14]} 34. Rd1 {[%clk 0:00:20]} Bb5 {[%clk 0:01:08]} 35. c4
{[%clk 0:00:26]} bxc3 {[%clk 0:01:02]} 36. Nxc3 {[%clk 0:00:34]} Bc6
{[%clk 0:01:11]} 37. Rc1 {[%clk 0:00:33]} Re5 {[%clk 0:01:17]} 38. hxg5
{[%clk 0:00:27]} hxg5 {[%clk 0:01:26]} 39. Rc2 {[%clk 0:00:18]} Kf6
{[%clk 0:01:30]} 40. Nb1 {[%clk 0:00:18]} Bb5 {[%clk 0:01:04]} 41. Na3
{[%clk 0:00:12]} Bd3 {[%clk 0:01:05]} 42. Rd2 {[%clk 0:00:22]} Rd5
{[%clk 0:00:20]} 43. Nb5 {[%clk 0:00:31]} a5 {[%clk 0:00:15]} 44. Nc3
{[%clk 0:00:27]} Rd4 {[%clk 0:00:18]} 45. Rd1 {[%clk 0:00:15]} Bf5
{[%clk 0:00:14]} 46. Rc1 {[%clk 0:00:11]} Rd2+ {[%clk 0:00:19]} 47. Kg1
{[%clk 0:00:21]} Bd3 {[%clk 0:00:13]} 48. Nd5+ {[%clk 0:00:12]} Kf7
{[%clk 0:00:11]} 49. Rxc5 {[%clk 0:00:19]} Rxa2 {[%clk 0:00:19]} 50. Nc3
{[%clk 0:00:13]} Rc2 {[%clk 0:00:28]} 51. Na4 {[%clk 0:00:15]} Rxc5
{[%clk 0:00:35]} 52. Nxc5 {[%clk 0:00:24]} Bc2 {[%clk 0:00:43]} 53. Kf2
{[%clk 0:00:26]} Kf6 {[%clk 0:00:52]} 54. Ke2 {[%clk 0:00:31]} Ke5
{[%clk 0:00:59]} 55. Kd2 {[%clk 0:00:36]} Kd5 {[%clk 0:00:59]} 56. Kxc2
{[%clk 0:00:15]} Kxc5 {[%clk 0:01:07]} 57. Kc3 {[%clk 0:00:19]} Kb5
{[%clk 0:01:16]} 1/2-1/2

[Event "TeamRussiamenrapid"]
[Site "?"]
[Date "2016.10.05"]
[Round "4.6"]
[White "Morozevich, Alexander"]
[Black "Kamsky, Gata"]
[Result "1-0"]
[LiveChessVersion "1.4.4"]
[BlackElo "2749"]
[WhiteElo "2716"]

1. d4 {[%clk 0:15:15]} f5 {[%clk 0:15:18]} 2. Bf4 {[%clk 0:15:22]} Nf6
{[%clk 0:15:25]} 3. e3 {[%clk 0:15:31]} d6 {[%clk 0:15:15]} 4. Nc3
{[%clk 0:14:03]} g6 {[%clk 0:14:57]} 5. h4 {[%clk 0:13:52]} Be6 {[%clk 0:14:33]}
6. Nf3 {[%clk 0:13:09]} h6 {[%clk 0:14:37]} 7. Bd3 {[%clk 0:13:15]} c6
{[%clk 0:14:19]} 8. e4 {[%clk 0:12:28]} fxe4 {[%clk 0:14:19]} 9. Nxe4
{[%clk 0:12:37]} Nxe4 {[%clk 0:14:27]} 10. Bxe4 {[%clk 0:12:45]} Bf5
{[%clk 0:14:36]} 11. Nd2 {[%clk 0:08:16]} Qd7 {[%clk 0:13:16]} 12. Qe2
{[%clk 0:08:12]} Na6 {[%clk 0:11:29]} 13. Bxf5 {[%clk 0:07:55]} gxf5
{[%clk 0:11:38]} 14. Qh5+ {[%clk 0:07:35]} Kd8 {[%clk 0:11:46]} 15. O-O
{[%clk 0:07:36]} Nb4 {[%clk 0:11:45]} 16. c4 {[%clk 0:06:15]} Nc2
{[%clk 0:11:42]} 17. Rad1 {[%clk 0:06:24]} Nxd4 {[%clk 0:11:49]} 18. Nb3
{[%clk 0:06:25]} Nxb3 {[%clk 0:11:06]} 19. axb3 {[%clk 0:06:34]} b6
{[%clk 0:08:55]} 20. Be5 {[%clk 0:06:06]} Rh7 {[%clk 0:06:50]} 21. Qg6
{[%clk 0:06:14]} e6 {[%clk 0:06:57]} 22. Bxd6 {[%clk 0:05:40]} Bxd6
{[%clk 0:06:56]} 23. Qg8+ {[%clk 0:05:12]} Kc7 {[%clk 0:06:41]} 24. Qxa8
{[%clk 0:05:20]} c5 {[%clk 0:06:16]} 25. Qxa7+ {[%clk 0:05:28]} Kc6
{[%clk 0:06:26]} 26. Rxd6+ {[%clk 0:05:34]} Kd5 1-0

[Event "TeamRussiamenrapid"]
[Site "?"]
[Date "2016.10.05"]
[Round "4.7"]
[White "Timofeev, Artyom"]
[Black "Popov, Ivan"]
[Result "1/2-1/2"]
[LiveChessVersion "1.4.4"]
[BlackElo "2695"]
[WhiteElo "2566"]

1. e4 {[%clk 0:15:18]} e6 {[%clk 0:15:19]} 2. d4 {[%clk 0:15:24]} d5
{[%clk 0:15:28]} 3. Nd2 {[%clk 0:15:32]} c5 {[%clk 0:15:36]} 4. Ngf3
{[%clk 0:15:38]} cxd4 {[%clk 0:15:44]} 5. Nxd4 {[%clk 0:15:46]} Nf6
{[%clk 0:15:52]} 6. exd5 {[%clk 0:15:35]} Nxd5 {[%clk 0:16:01]} 7. N2f3
{[%clk 0:15:12]} Bb4+ {[%clk 0:16:09]} 8. Bd2 {[%clk 0:15:07]} O-O
{[%clk 0:16:16]} 9. Be2 {[%clk 0:14:15]} a6 {[%clk 0:12:40]} 10. c4
{[%clk 0:13:32]} Bxd2+ {[%clk 0:12:46]} 11. Qxd2 {[%clk 0:13:39]} Nf6
{[%clk 0:11:49]} 12. O-O {[%clk 0:13:33]} Qc7 {[%clk 0:11:53]} 13. Qe3
{[%clk 0:11:52]} b6 {[%clk 0:11:34]} 14. Ne5 {[%clk 0:10:59]} Bb7
{[%clk 0:11:40]} 15. Bf3 {[%clk 0:11:04]} Bxf3 {[%clk 0:11:36]} 16. Ndxf3
{[%clk 0:11:06]} Nbd7 {[%clk 0:11:30]} 17. Rfd1 {[%clk 0:10:53]} Nxe5
{[%clk 0:10:54]} 18. Nxe5 {[%clk 0:11:01]} Rfd8 {[%clk 0:10:57]} 19. h3
{[%clk 0:09:32]} h6 {[%clk 0:10:56]} 20. b3 {[%clk 0:09:27]} Rd6 {[%clk 0:09:48]}
1/2-1/2

[Event "TeamRussiamenrapid"]
[Site "?"]
[Date "2016.10.05"]
[Round "4.8"]
[White "Motylev, Alexander"]
[Black "Hasangatin, Ramil"]
[Result "1/2-1/2"]
[LiveChessVersion "1.4.4"]
[BlackElo "2481"]
[WhiteElo "2669"]

1. e4 {[%clk 0:15:18]} d5 {[%clk 0:15:14]} 2. exd5 {[%clk 0:15:25]} Qxd5
{[%clk 0:15:23]} 3. Nc3 {[%clk 0:15:34]} Qd6 {[%clk 0:15:32]} 4. d4
{[%clk 0:15:43]} Nf6 {[%clk 0:15:41]} 5. Nf3 {[%clk 0:15:51]} c6 {[%clk 0:15:50]}
6. Ne5 {[%clk 0:15:34]} Nbd7 {[%clk 0:15:59]} 7. Nc4 {[%clk 0:15:44]} Qc7
{[%clk 0:16:08]} 8. Qf3 {[%clk 0:15:52]} Nb6 {[%clk 0:16:16]} 9. Bf4
{[%clk 0:16:01]} Qd8 {[%clk 0:16:09]} 10. Be5 {[%clk 0:15:41]} Nbd5
{[%clk 0:15:29]} 11. h3 {[%clk 0:15:24]} Be6 {[%clk 0:15:19]} 12. Be2
{[%clk 0:14:38]} g6 {[%clk 0:13:49]} 13. O-O {[%clk 0:14:29]} Bg7
{[%clk 0:13:36]} 14. Rfe1 {[%clk 0:14:25]} O-O {[%clk 0:13:22]} 15. Bf1
{[%clk 0:14:32]} b5 {[%clk 0:11:28]} 16. Nd2 {[%clk 0:13:59]} Nb4
{[%clk 0:10:59]} 17. Rac1 {[%clk 0:13:38]} Bf5 {[%clk 0:11:05]} 18. g4
{[%clk 0:13:03]} Be6 {[%clk 0:11:07]} 19. a3 {[%clk 0:12:09]} Nbd5
{[%clk 0:11:00]} 20. Ne2 {[%clk 0:11:22]} Rc8 {[%clk 0:10:00]} 21. Ng3
{[%clk 0:10:59]} Nb6 {[%clk 0:09:34]} 22. Rcd1 {[%clk 0:09:43]} a5
{[%clk 0:09:02]} 23. Nb3 {[%clk 0:07:47]} Nc4 {[%clk 0:08:29]} 24. Bxc4
{[%clk 0:06:51]} Bxc4 {[%clk 0:08:10]} 25. Nc5 {[%clk 0:07:00]} a4
{[%clk 0:06:31]} 26. b3 {[%clk 0:07:08]} Bd5 {[%clk 0:06:26]} 27. Qe2
{[%clk 0:07:13]} axb3 {[%clk 0:06:18]} 28. cxb3 {[%clk 0:07:22]} Nd7
{[%clk 0:06:05]} 29. Bxg7 {[%clk 0:07:02]} Kxg7 {[%clk 0:06:14]} 30. Nge4
{[%clk 0:06:59]} Re8 {[%clk 0:04:16]} 31. Nc3 {[%clk 0:06:36]} Nf6
{[%clk 0:02:32]} 32. Rd3 {[%clk 0:06:15]} Qa5 {[%clk 0:02:24]} 33. Qe5
{[%clk 0:05:15]} Kg8 {[%clk 0:02:33]} 34. b4 {[%clk 0:04:48]} Qd8
{[%clk 0:02:21]} 35. Rde3 {[%clk 0:04:42]} Nd7 {[%clk 0:02:17]} 36. Qf4
{[%clk 0:04:24]} Nb6 {[%clk 0:01:04]} 37. R3e2 {[%clk 0:03:42]} 1/2-1/2

[Event "TeamRussiamenrapid"]
[Site "?"]
[Date "2016.10.05"]
[Round "4.9"]
[White "Rakhmanov, Aleksandr"]
[Black "Alekseev, Evgeny"]
[Result "1-0"]
[LiveChessVersion "1.4.4"]
[BlackElo "2688"]
[WhiteElo "2528"]

1. d4 {[%clk 0:15:11]} Nf6 {[%clk 0:15:13]} 2. c4 {[%clk 0:15:19]} e6
{[%clk 0:15:22]} 3. Nc3 {[%clk 0:15:27]} Bb4 {[%clk 0:15:30]} 4. e3
{[%clk 0:15:36]} O-O {[%clk 0:15:29]} 5. Bd3 {[%clk 0:15:44]} d5 {[%clk 0:15:24]}
6. Nge2 {[%clk 0:15:51]} c5 {[%clk 0:14:29]} 7. cxd5 {[%clk 0:15:48]} cxd4
{[%clk 0:14:25]} 8. exd4 {[%clk 0:15:53]} Nxd5 {[%clk 0:14:25]} 9. O-O
{[%clk 0:15:56]} Nf6 {[%clk 0:14:08]} 10. Bg5 {[%clk 0:15:03]} Be7
{[%clk 0:14:15]} 11. Bc2 {[%clk 0:14:59]} Nc6 {[%clk 0:14:04]} 12. a3
{[%clk 0:15:03]} b6 {[%clk 0:13:52]} 13. Qd3 {[%clk 0:14:49]} g6 {[%clk 0:14:00]}
14. Rad1 {[%clk 0:14:27]} Bb7 {[%clk 0:13:56]} 15. Rfe1 {[%clk 0:14:12]} Re8
{[%clk 0:13:38]} 16. Bc1 {[%clk 0:11:38]} Bf8 {[%clk 0:12:42]} 17. Qh3
{[%clk 0:10:09]} Nd5 {[%clk 0:09:06]} 18. Ne4 {[%clk 0:09:18]} Bg7
{[%clk 0:08:20]} 19. Bg5 {[%clk 0:09:07]} Qd7 {[%clk 0:06:48]} 20. Bb3
{[%clk 0:07:52]} Nce7 {[%clk 0:06:44]} 21. Nc1 {[%clk 0:04:17]} Ba6
{[%clk 0:05:18]} 22. Na2 {[%clk 0:04:15]} Rac8 {[%clk 0:04:53]} 23. Bxd5
{[%clk 0:03:23]} Nxd5 {[%clk 0:04:27]} 24. Nb4 {[%clk 0:01:53]} Bb5
{[%clk 0:02:54]} 25. Qg3 {[%clk 0:00:58]} a5 {[%clk 0:01:35]} 26. Nxd5 exd5
{[%clk 0:01:44]} 27. Nd6 {[%clk 0:00:26]} Rxe1+ {[%clk 0:01:45]} 28. Rxe1
{[%clk 0:00:35]} Rf8 {[%clk 0:00:53]} 29. Be7 {[%clk 0:00:41]} Bc6
{[%clk 0:00:30]} 30. Bxf8 {[%clk 0:00:44]} Bxf8 {[%clk 0:00:38]} 31. Ne8
{[%clk 0:00:33]} Qd8 {[%clk 0:00:20]} 32. Qe5 {[%clk 0:00:28]} Bxe8
{[%clk 0:00:28]} 33. Qxe8 {[%clk 0:00:37]} Qc7 {[%clk 0:00:31]} 34. g3
{[%clk 0:00:43]} h5 {[%clk 0:00:26]} 35. h4 {[%clk 0:00:47]} Qc2 {[%clk 0:00:28]}
36. Re7 {[%clk 0:00:48]} Qf5 {[%clk 0:00:33]} 37. Rb7 {[%clk 0:00:34]} 1-0

[Event "TeamRussiamenrapid"]
[Site "?"]
[Date "2016.10.05"]
[Round "4.10"]
[White "Romanov, Evgeny"]
[Black "Rozum, Ivan"]
[Result "1-0"]
[LiveChessVersion "1.4.4"]
[BlackElo "2608"]
[WhiteElo "2621"]

1. d4 {[%clk 0:15:19]} Nf6 {[%clk 0:15:14]} 2. Nf3 {[%clk 0:15:27]} e6
{[%clk 0:15:23]} 3. Bf4 {[%clk 0:15:36]} b6 {[%clk 0:15:22]} 4. e3
{[%clk 0:15:44]} Bb7 {[%clk 0:15:31]} 5. Bd3 {[%clk 0:15:53]} Be7
{[%clk 0:15:37]} 6. Nbd2 {[%clk 0:15:51]} Nh5 {[%clk 0:15:30]} 7. Qe2
{[%clk 0:15:59]} c5 {[%clk 0:15:09]} 8. Bg3 {[%clk 0:14:46]} Nxg3
{[%clk 0:14:14]} 9. hxg3 {[%clk 0:14:55]} g6 {[%clk 0:14:21]} 10. c3
{[%clk 0:14:36]} Nc6 {[%clk 0:14:09]} 11. Ba6 {[%clk 0:14:11]} Bxa6
{[%clk 0:13:39]} 12. Qxa6 {[%clk 0:14:19]} Qc7 {[%clk 0:13:46]} 13. O-O
{[%clk 0:14:11]} d5 {[%clk 0:13:29]} 14. e4 {[%clk 0:09:49]} cxd4
{[%clk 0:11:44]} 15. cxd4 {[%clk 0:09:34]} dxe4 {[%clk 0:10:55]} 16. Nxe4
{[%clk 0:09:43]} Qd7 {[%clk 0:10:47]} 17. Ne5 {[%clk 0:08:54]} Nxe5
{[%clk 0:10:21]} 18. dxe5 {[%clk 0:09:03]} Qd5 {[%clk 0:09:44]} 19. Nc3
{[%clk 0:05:57]} Qxe5 {[%clk 0:09:39]} 20. Qb7 {[%clk 0:06:06]} Qb8
{[%clk 0:08:59]} 21. Qc6+ {[%clk 0:06:12]} Kf8 {[%clk 0:09:08]} 22. Rad1
{[%clk 0:05:25]} Qc8 {[%clk 0:08:29]} 23. Qa4 {[%clk 0:05:34]} Kg7
{[%clk 0:06:34]} 24. Rd7 {[%clk 0:05:41]} Re8 {[%clk 0:05:54]} 25. Ne4
{[%clk 0:05:38]} Kg8 {[%clk 0:03:58]} 26. Rfd1 {[%clk 0:05:39]} f5
{[%clk 0:03:46]} 27. Nd6 {[%clk 0:05:13]} Bxd6 {[%clk 0:03:49]} 28. R1xd6
{[%clk 0:05:22]} Qc1+ {[%clk 0:03:51]} 29. Rd1 {[%clk 0:05:27]} Qxb2
{[%clk 0:03:34]} 30. Qh4 {[%clk 0:04:09]} Qh8 {[%clk 0:03:04]} 31. Rc1
{[%clk 0:03:20]} h6 {[%clk 0:00:53]} 32. Rcc7 {[%clk 0:03:24]} a5
{[%clk 0:00:30]} 33. Kh2 {[%clk 0:02:03]} b5 {[%clk 0:00:31]} 34. Rb7
{[%clk 0:01:17]} b4 {[%clk 0:00:37]} 35. Qf4 {[%clk 0:00:57]} Rac8
{[%clk 0:00:32]} 36. Qe3 {[%clk 0:00:34]} Ra8 {[%clk 0:00:21]} 37. Qb6
{[%clk 0:00:29]} Qc3 {[%clk 0:00:14]} 38. Rbc7 {[%clk 0:00:33]} Qf6
{[%clk 0:00:20]} 39. Qb7 {[%clk 0:00:40]} Reb8 {[%clk 0:00:17]} 40. Rg7+
{[%clk 0:00:49]} Kh8 {[%clk 0:00:18]} 41. Rh7+ {[%clk 0:00:57]} Kg8
{[%clk 0:00:27]} 42. Rcg7+ {[%clk 0:01:05]} Kf8 {[%clk 0:00:30]} 43. Rh8#
{[%clk 0:01:13]} 1-0

[Event "TeamRussiamenrapid"]
[Site "?"]
[Date "2016.10.05"]
[Round "4.11"]
[White "Moiseenko, Vadim"]
[Black "Levin, Evgeny A."]
[Result "1/2-1/2"]
[LiveChessVersion "1.4.4"]
[BlackElo "2585"]
[WhiteElo "2463"]

1. d4 {[%clk 0:15:15]} Nf6 {[%clk 0:15:12]} 2. Nf3 {[%clk 0:15:23]} e6
{[%clk 0:15:19]} 3. e3 {[%clk 0:15:26]} c5 {[%clk 0:15:18]} 4. Bd3
{[%clk 0:15:31]} b6 {[%clk 0:15:18]} 5. O-O {[%clk 0:15:38]} Bb7 {[%clk 0:15:27]}
6. c4 {[%clk 0:15:15]} g6 {[%clk 0:15:02]} 7. Nc3 {[%clk 0:15:11]} Bg7
{[%clk 0:14:39]} 8. e4 {[%clk 0:14:01]} cxd4 {[%clk 0:14:16]} 9. Nxd4
{[%clk 0:14:10]} d6 {[%clk 0:14:00]} 10. Be3 {[%clk 0:13:34]} O-O
{[%clk 0:14:06]} 11. Re1 {[%clk 0:13:18]} Nc6 {[%clk 0:13:58]} 12. Nxc6
{[%clk 0:12:54]} Bxc6 {[%clk 0:12:59]} 13. Rc1 {[%clk 0:12:33]} Nd7
{[%clk 0:12:09]} 14. Bf1 {[%clk 0:12:13]} Qe7 {[%clk 0:10:09]} 15. Qd2
{[%clk 0:12:10]} Nc5 {[%clk 0:08:39]} 16. f3 {[%clk 0:10:22]} a5 {[%clk 0:08:48]}
17. b3 {[%clk 0:10:20]} Rad8 {[%clk 0:08:07]} 18. Kh1 {[%clk 0:09:44]} Be5
{[%clk 0:07:58]} 19. Bg5 {[%clk 0:09:47]} Bf6 {[%clk 0:07:58]} 20. Bh6
{[%clk 0:09:45]} Bg7 {[%clk 0:07:36]} 21. Bxg7 Kxg7 {[%clk 0:07:45]} 22. Ne2
{[%clk 0:08:39]} e5 {[%clk 0:07:29]} 23. Rcd1 {[%clk 0:08:10]} h5
{[%clk 0:07:02]} 24. Qe3 {[%clk 0:08:13]} Rb8 {[%clk 0:06:32]} 25. Rd2
{[%clk 0:07:35]} h4 {[%clk 0:06:31]} 26. h3 {[%clk 0:07:32]} Rfd8
{[%clk 0:06:25]} 27. Red1 {[%clk 0:07:42]} Ne6 {[%clk 0:06:06]} 28. Nc3
{[%clk 0:06:09]} Qc7 {[%clk 0:03:38]} 1/2-1/2

[Event "TeamRussiamenrapid"]
[Site "?"]
[Date "2016.10.05"]
[Round "4.12"]
[White "Usmanov, Vasily"]
[Black "Gochelashvili, David"]
[Result "0-1"]
[LiveChessVersion "1.4.4"]
[BlackElo "2445"]
[WhiteElo "2443"]

1. d4 {[%clk 0:15:17]} g6 {[%clk 0:15:04]} 2. Nf3 {[%clk 0:15:24]} Bg7
{[%clk 0:15:12]} 3. Bf4 {[%clk 0:15:32]} d6 {[%clk 0:14:47]} 4. e3
{[%clk 0:15:36]} Nf6 {[%clk 0:14:54]} 5. h3 {[%clk 0:15:45]} O-O {[%clk 0:14:57]}
6. c4 {[%clk 0:15:53]} c5 {[%clk 0:13:31]} 7. Nc3 {[%clk 0:16:01]} cxd4
{[%clk 0:13:27]} 8. exd4 {[%clk 0:16:09]} d5 {[%clk 0:12:40]} 9. c5
{[%clk 0:15:04]} b6 {[%clk 0:12:25]} 10. Bb5 {[%clk 0:12:30]} Ne4
{[%clk 0:06:21]} 11. Nxe4 {[%clk 0:10:45]} dxe4 {[%clk 0:06:30]} 12. c6
{[%clk 0:10:51]} Qd5 {[%clk 0:05:10]} 13. c7 {[%clk 0:04:49]} Qxb5
{[%clk 0:03:00]} 14. cxb8=Q {[%clk 0:04:56]} Rxb8 {[%clk 0:03:05]} 15. Qb3
{[%clk 0:05:03]} Qxb3 {[%clk 0:01:38]} 16. axb3 {[%clk 0:05:12]} exf3
{[%clk 0:01:11]} 17. Bxb8 {[%clk 0:05:16]} fxg2 {[%clk 0:01:20]} 18. Rg1
{[%clk 0:05:25]} Bxh3 {[%clk 0:01:25]} 19. Be5 {[%clk 0:05:04]} f6
{[%clk 0:01:18]} 20. Bf4 {[%clk 0:04:38]} Rd8 {[%clk 0:01:12]} 21. Be3
{[%clk 0:04:27]} Rd7 {[%clk 0:01:13]} 22. Ke2 {[%clk 0:04:18]} Kf7
{[%clk 0:01:10]} 23. Kf3 {[%clk 0:04:25]} Be6 {[%clk 0:00:48]} 24. Kxg2
{[%clk 0:04:21]} Bxb3 {[%clk 0:00:56]} 25. Rgc1 {[%clk 0:04:18]} a5
{[%clk 0:00:59]} 26. Rc8 {[%clk 0:04:13]} f5 {[%clk 0:01:06]} 27. Rb8
{[%clk 0:04:11]} Bd5+ {[%clk 0:01:07]} 28. Kg1 {[%clk 0:03:52]} Rd6
{[%clk 0:01:15]} 29. Rc1 {[%clk 0:03:47]} g5 {[%clk 0:01:23]} 30. Bxg5
{[%clk 0:02:41]} Rg6 {[%clk 0:01:29]} 31. f4 {[%clk 0:02:50]} h6 {[%clk 0:01:34]}
32. Rd8 {[%clk 0:02:57]} Be4 {[%clk 0:01:21]} 33. Kf2 {[%clk 0:02:56]} hxg5
{[%clk 0:01:29]} 34. fxg5 {[%clk 0:03:04]} Rxg5 {[%clk 0:01:35]} 35. Rg1
{[%clk 0:02:39]} Rxg1 {[%clk 0:01:43]} 36. Kxg1 {[%clk 0:02:49]} Ke6
{[%clk 0:01:48]} 37. Kf2 {[%clk 0:02:57]} f4 {[%clk 0:01:56]} 38. Ke2
{[%clk 0:03:04]} a4 {[%clk 0:01:50]} 39. Kd2 {[%clk 0:03:00]} Bf6
{[%clk 0:01:52]} 40. Ke2 {[%clk 0:02:57]} Bd5 {[%clk 0:01:49]} 41. Kd3
{[%clk 0:02:59]} f3 {[%clk 0:01:56]} 42. Rb8 {[%clk 0:02:51]} b5 {[%clk 0:01:43]}
43. Rb6+ {[%clk 0:02:55]} Kf7 {[%clk 0:01:40]} 44. Rxb5 {[%clk 0:03:03]} f2
{[%clk 0:01:48]} 45. Ke3 {[%clk 0:02:23]} f1=Q {[%clk 0:01:52]} 0-1

[Event "TeamRussiamenrapid"]
[Site "?"]
[Date "2016.10.05"]
[Round "4.13"]
[White "Golubov, Saveliy"]
[Black "Moskalenko, Alexander"]
[Result "1/2-1/2"]
[LiveChessVersion "1.4.4"]
[BlackElo "2494"]
[WhiteElo "2515"]

1. d4 {[%clk 0:14:58]} Nf6 {[%clk 0:15:00]} 2. Nf3 {[%clk 0:15:06]} e6
{[%clk 0:15:08]} 3. Bf4 {[%clk 0:15:05]} c5 {[%clk 0:15:11]} 4. e3
{[%clk 0:15:14]} d5 {[%clk 0:15:20]} 5. Nbd2 {[%clk 0:15:12]} Nc6
{[%clk 0:15:28]} 6. c3 {[%clk 0:14:54]} Bd6 {[%clk 0:15:35]} 7. Bg3
{[%clk 0:15:02]} O-O {[%clk 0:15:43]} 8. Bb5 {[%clk 0:14:53]} Ne7
{[%clk 0:14:41]} 9. Bd3 {[%clk 0:13:27]} b6 {[%clk 0:14:30]} 10. O-O
{[%clk 0:12:03]} Bb7 {[%clk 0:14:32]} 11. Qe2 {[%clk 0:11:25]} Bxg3
{[%clk 0:08:24]} 12. hxg3 {[%clk 0:11:33]} Qc7 {[%clk 0:08:27]} 13. Rac1
{[%clk 0:11:29]} Rac8 {[%clk 0:08:20]} 14. dxc5 {[%clk 0:10:05]} Qxc5
{[%clk 0:07:44]} 15. c4 {[%clk 0:09:14]} Rfd8 {[%clk 0:07:43]} 16. Nb3
{[%clk 0:08:21]} Qb4 {[%clk 0:07:31]} 17. cxd5 {[%clk 0:08:02]} Bxd5
{[%clk 0:07:06]} 18. Nfd4 {[%clk 0:08:02]} Rxc1 {[%clk 0:05:06]} 19. Rxc1
{[%clk 0:08:06]} Bxb3 {[%clk 0:04:36]} 20. Nxb3 {[%clk 0:08:00]} g6
{[%clk 0:04:16]} 21. Rc4 {[%clk 0:06:09]} Qd6 {[%clk 0:04:19]} 22. Rd4
{[%clk 0:06:09]} Qc7 {[%clk 0:04:17]} 23. Rxd8+ {[%clk 0:06:11]} Qxd8
{[%clk 0:04:25]} 24. Qc2 {[%clk 0:05:37]} 1/2-1/2

[Event "TeamRussiamenrapid"]
[Site "?"]
[Date "2016.10.05"]
[Round "4.14"]
[White "Paravyan, David"]
[Black "Ivanov, Alexander Al."]
[Result "1/2-1/2"]
[LiveChessVersion "1.4.4"]
[BlackElo "2473"]
[WhiteElo "2500"]

1. d4 {[%clk 0:15:19]} d6 {[%clk 0:15:16]} 2. Nf3 {[%clk 0:15:19]} f5
{[%clk 0:15:24]} 3. Nc3 {[%clk 0:15:25]} Nf6 {[%clk 0:15:33]} 4. Bg5
{[%clk 0:15:33]} Nbd7 {[%clk 0:15:42]} 5. Qd3 {[%clk 0:15:40]} g6
{[%clk 0:15:20]} 6. e4 {[%clk 0:15:35]} fxe4 {[%clk 0:15:06]} 7. Nxe4
{[%clk 0:15:43]} Bg7 {[%clk 0:15:15]} 8. O-O-O {[%clk 0:15:13]} Nxe4
{[%clk 0:15:20]} 9. Qxe4 {[%clk 0:15:22]} Nf6 {[%clk 0:15:29]} 10. Bxf6
{[%clk 0:15:26]} Bxf6 {[%clk 0:15:37]} 11. Bc4 {[%clk 0:15:32]} c6
{[%clk 0:15:38]} 12. Be6 {[%clk 0:15:38]} Bxe6 {[%clk 0:15:31]} 13. Qxe6
{[%clk 0:15:47]} Qd7 {[%clk 0:15:41]} 14. Qe4 {[%clk 0:15:32]} Qf5
{[%clk 0:15:34]} 15. Rhe1 {[%clk 0:15:34]} Qxe4 {[%clk 0:15:42]} 16. Rxe4
{[%clk 0:15:43]} Kd7 {[%clk 0:15:51]} 17. c3 {[%clk 0:14:59]} Rae8
{[%clk 0:15:56]} 18. Kc2 {[%clk 0:15:06]} Rhf8 {[%clk 0:16:04]} 19. h4
{[%clk 0:14:35]} h5 {[%clk 0:15:42]} 20. a4 {[%clk 0:13:55]} e6 {[%clk 0:15:32]}
21. a5 {[%clk 0:13:11]} Bd8 {[%clk 0:15:40]} 22. b4 {[%clk 0:13:20]} Rf5
{[%clk 0:15:30]} 23. Rde1 {[%clk 0:11:26]} Bc7 {[%clk 0:13:01]} 24. R1e2
{[%clk 0:09:38]} Bd8 {[%clk 0:11:56]} 25. Ne1 {[%clk 0:09:01]} g5
{[%clk 0:07:16]} 26. hxg5 {[%clk 0:09:07]} Bxg5 {[%clk 0:07:24]} 27. Nd3
{[%clk 0:09:08]} h4 {[%clk 0:06:37]} 28. Rg4 {[%clk 0:08:49]} Rh8
{[%clk 0:06:14]} 29. f4 {[%clk 0:08:47]} Bf6 {[%clk 0:06:21]} 30. Nf2
{[%clk 0:08:42]} Rf8 {[%clk 0:05:47]} 31. Kd3 {[%clk 0:08:25]} Be7
{[%clk 0:05:09]} 32. Nh3 {[%clk 0:08:32]} R8f7 {[%clk 0:05:02]} 33. c4
{[%clk 0:08:11]} Bf6 {[%clk 0:04:44]} 34. Rg8 {[%clk 0:08:03]} Rg7
{[%clk 0:04:46]} 35. Rb8 {[%clk 0:05:45]} Kc7 {[%clk 0:04:39]} 36. Re8
{[%clk 0:05:34]} Rg3+ {[%clk 0:04:44]} 37. Re3 {[%clk 0:05:43]} Rxg2
{[%clk 0:04:39]} 38. R3xe6 {[%clk 0:05:31]} d5 {[%clk 0:03:17]} 39. c5
{[%clk 0:03:04]} a6 {[%clk 0:02:27]} 40. Re3 {[%clk 0:02:44]} Ra2
{[%clk 0:02:04]} 41. Rg8 {[%clk 0:02:02]} Kd7 {[%clk 0:01:57]} 42. Rb8
{[%clk 0:02:06]} Kc7 {[%clk 0:02:00]} 43. Rg8 {[%clk 0:02:15]} Kd7
{[%clk 0:02:09]} 44. Rb8 {[%clk 0:02:23]} 1/2-1/2